[Event "Mallorca-chT Preferente"]
[Site "Mallorca"]
[Date "2021.03.27"]
[Round "4"]
[White "Vasquez Schroder, Rodrigo Rafael"]
[Black "Bujosa Ribas, Joan"]
[Result "1-0"]
[WhiteElo "2456"]
[BlackElo "2127"]
[PlyCount "85"]
[EventDate "2021.03.06"]
[EventType "team-swiss"]
[EventRounds "7"]
[EventCountry "ESP"]
[SourceTitle "EXT 2023"]
[Source "ChessBase"]
[SourceDate "2022.10.05"]
[SourceVersion "1"]
[SourceVersionDate "2022.10.05"]
[SourceQuality "1"]
[WhiteTeam "Tropic"]
[BlackTeam "Balanguera"]
[WhiteTeamCountry "ESP"]
[BlackTeamCountry "ESP"]

1. Nf3 Nf6 2. c4 e6 3. d4 b6 4. a3 Bb7 5. Nc3 Be7 6. d5 0-0 7. e4 exd5 8. cxd5 Re8 9. Bd3 d6 10. 0-0 Nbd7 11. h3 c5 12. Re1 Bf8 13. Bf4 a6 14. a4 Nh5 15. Bh2 Qf6 16. Qd2 Ne5 17. Bxe5 dxe5 18. Qe3 Nf4 19. Bf1 c4 20. Nd2 Bc5 21. Qg3 Nd3 22. Bxd3 cxd3 23. Rf1 b5 24. Nb3 Bd4 25. Qxd3 b4 26. Nxd4 bxc3 27. Nf3 cxb2 28. Rab1 Rad8 29. Rfe1 h6 30. Qb3 Bc8 31. Rxb2 Qg6 32. Qe3 Rd6 33. Rb8 Kh7 34. Rc1 Bd7 35. Rxe8 Bxe8 36. Nxe5 Qh5 37. Nc4 Rg6 38. Nb6 f5 39. exf5 Qxf5 40. a5 Bd7 41. Nxd7 Qxd7 42. Qd3 Qd8 43. Rc6 1-0

[Event "Mallorca-chT Preferente"]
[Site "Palma de Mallorca"]
[Date "2020.02.29"]
[Round "5.2"]
[White "Bujosa Ribas, Joan"]
[Black "Bergas Ferriol, Jeronimo"]
[Result "1-0"]
[WhiteElo "2131"]
[BlackElo "1983"]
[PlyCount "85"]
[EventDate "2020.02.01"]
[EventType "team-tourn"]
[EventRounds "9"]
[EventCountry "ESP"]
[SourceTitle "CBM 195 Extra"]
[Source "ChessBase"]
[SourceDate "2020.05.31"]
[SourceVersion "1"]
[SourceVersionDate "2020.05.31"]
[SourceQuality "1"]
[WhiteTeam "Balanguera"]
[BlackTeam "Maria Salut"]
[WhiteTeamCountry "ESP"]
[BlackTeamCountry "ESP"]

1. e4 c5 2. Nf3 Nc6 3. g3 d6 4. Bg2 g6 5. 0-0 Bg7 6. c3 e6 7. d4 cxd4 8. cxd4 Nge7 9. Nc3 0-0 10. Bf4 h6 11. d5 Ne5 12. Nxe5 dxe5 13. Be3 b6 14. Qc1 exd5 15. Bxh6 d4 16. Bxg7 Kxg7 17. Ne2 Ba6 18. Qd2 Qd7 19. f4 Qb5 20. Rae1 f6 21. Rf2 Qc5 22. Rc1 Qd6 23. h4 Rac8 24. Rxc8 Rxc8 25. f5 Bxe2 26. Rxe2 gxf5 27. exf5 Qc5 28. Qd3 Qc1+ 29. Kh2 Qh6 30. Re4 Kh7 31. Qb3 Qg7 32. Kh3 Rg8 33. Qf3 Qf7 34. Bf1 Nc8 35. Re1 Nd6 36. Rc1 e4 37. Qf4 Qd7 38. Bc4 Qxf5+ 39. Qxf5+ Nxf5 40. Bxg8+ Kxg8 41. Kg4 Ne3+ 42. Kf4 Ng2+ 43. Kxe4 1-0

[Event "Baleares-ch"]
[Site "Palma de Mallorca"]
[Date "2016.03.28"]
[Round "7"]
[White "Bordes Ibanez, Juan Bautista"]
[Black "Bujosa Ribas, Joan"]
[Result "1/2-1/2"]
[WhiteElo "1979"]
[BlackElo "2078"]
[PlyCount "40"]
[EventDate "2016.03.25"]
[EventType "tourn"]
[EventRounds "7"]
[EventCountry "ESP"]
[SourceTitle "CBM 171 Extra"]
[Source "ChessBase"]
[SourceDate "2016.04.26"]
[SourceVersion "1"]
[SourceVersionDate "2016.04.26"]
[SourceQuality "1"]

1. d4 Nf6 2. c4 e6 3. Nc3 Bb4 4. Qc2 c5 5. dxc5 Nc6 6. Nf3 Bxc5 7. Bf4 d6 8. Rd1 Qe7 9. a3 a5 10. e3 h6 11. h3 0-0 12. Be2 e5 13. Bh2 Bd7 14. 0-0 Rfc8 15. Na4 Nd8 16. Nxc5 Rxc5 17. Qd2 Ne4 18. Qc2 Nf6 19. Qd2 Ne4 20. Qc2 Nf6 1/2-1/2

[Event "Baleares-ch"]
[Site "Palma de Mallorca"]
[Date "2016.03.25"]
[Round "2"]
[White "Bujosa Ribas, Joan"]
[Black "Sanchez Martinez, Pablo"]
[Result "1-0"]
[WhiteElo "2078"]
[BlackElo "1894"]
[PlyCount "85"]
[EventDate "2016.03.25"]
[EventType "tourn"]
[EventRounds "7"]
[EventCountry "ESP"]
[SourceTitle "CBM 171 Extra"]
[Source "ChessBase"]
[SourceDate "2016.04.26"]
[SourceVersion "1"]
[SourceVersionDate "2016.04.26"]
[SourceQuality "1"]

1. e4 e5 2. Nf3 Nc6 3. Bc4 Bc5 4. c3 Nf6 5. d4 exd4 6. e5 d5 7. Be2 Ne4 8. cxd4 Bb6 9. 0-0 0-0 10. Nc3 Bg4 11. Be3 f6 12. exf6 Nxf6 13. h3 Bxf3 14. Bxf3 Ne7 15. Qd3 c6 16. Bf4 Bc7 17. Bxc7 Qxc7 18. b4 Ng6 19. g3 Qd7 20. Bg2 Rae8 21. Rfe1 b5 22. Rxe8 Nxe8 23. a4 a6 24. axb5 axb5 25. Nd1 Qe7 26. Qc3 Qb7 27. Qc5 Rf7 28. Ne3 Nf6 29. Nf5 Nd7 30. Qc2 Rf8 31. h4 Nb6 32. h5 Nh8 33. Nd6 Qd7 34. Ra6 Nc4 35. Nxc4 bxc4 36. Qa4 Rc8 37. Ra7 Qf5 38. Ra8 Qf8 39. Rxc8 Qxc8 40. b5 cxb5 41. Bxd5+ Nf7 42. Qxb5 c3 43. Bb3 1-0

[Event "Baleares-ch"]
[Site "Palma de Mallorca"]
[Date "2016.03.25"]
[Round "1"]
[White "Bujosa Ribas, Joan"]
[Black "Simo Bordoy, Guillermo"]
[Result "1-0"]
[WhiteElo "2078"]
[BlackElo "2042"]
[PlyCount "91"]
[EventDate "2016.03.25"]
[EventType "tourn"]
[EventRounds "7"]
[EventCountry "ESP"]
[SourceTitle "CBM 171 Extra"]
[Source "ChessBase"]
[SourceDate "2016.04.26"]
[SourceVersion "1"]
[SourceVersionDate "2016.04.26"]
[SourceQuality "1"]

1. e4 d6 2. d4 g6 3. Nc3 Bg7 4. Be3 c6 5. f4 Qb6 6. Rb1 Nh6 7. h3 d5 8. e5 f6 9. Nf3 0-0 10. Be2 Nf7 11. Qd2 Qc7 12. Bd3 Be6 13. h4 Bg4 14. Nh2 Bf5 15. h5 Nh6 16. hxg6 hxg6 17. g4 Bxd3 18. Qxd3 f5 19. g5 Nf7 20. Ng4 Qd7 21. Nh6+ Bxh6 22. gxh6 Kh7 23. Kd2 Qe6 24. Rbg1 Nd7 25. Rh3 Rad8 26. Ne2 c5 27. Bf2 c4 28. Qa3 a6 29. Bh4 Rfe8 30. Rg2 b5 31. Ng1 Rc8 32. Qe3 c3+ 33. bxc3 Nb6 34. Ke2 Na4 35. Be1 b4 36. cxb4 Rxc2+ 37. Kf1 Rxg2 38. Kxg2 Nb6 39. Nf3 Rc8 40. Qd3 Nc4 41. Rh1 Qc6 42. Bf2 Nb2 43. Qb3 Nc4 44. Rc1 Ne3+ 45. Bxe3 Qc4 46. Rg1 1-0

[Event "Mallorca-chT Preferente"]
[Site "Mallorca"]
[Date "2016.03.19"]
[Round "9.1"]
[White "Bergas Ferriol, Jeronimo"]
[Black "Bujosa Ribas, Joan"]
[Result "0-1"]
[WhiteElo "2003"]
[BlackElo "2078"]
[PlyCount "106"]
[EventDate "2016.03.01"]
[EventType "team-tourn"]
[EventRounds "9"]
[EventCountry "ESP"]
[SourceTitle "EXT 2024"]
[Source "ChessBase"]
[SourceDate "2023.10.10"]
[SourceVersion "1"]
[SourceVersionDate "2023.10.10"]
[SourceQuality "1"]
[WhiteTeam "Maria Salut"]
[BlackTeam "La Balanguera"]
[WhiteTeamCountry "ESP"]
[BlackTeamCountry "ESP"]

1. d4 Nf6 2. Nf3 e6 3. g3 b6 4. Bg2 Bb7 5. 0-0 Be7 6. c4 0-0 7. d5 d6 8. Nc3 e5 9. e4 Ne8 10. Nd2 Nd7 11. f4 a5 12. Nf3 exf4 13. gxf4 Bf6 14. Bd2 g6 15. Qc2 Ng7 16. Rae1 Re8 17. Nd1 Nh5 18. Nf2 Bc8 19. Nd3 Nc5 20. Nxc5 bxc5 21. e5 Bf5 22. Qc3 Bg7 23. Qc1 h6 24. Rf2 a4 25. Bc3 Rb8 26. Qd2 Kh7 27. Rfe2 Qc8 28. Bf1 Bh3 29. Kh1 Qg4 30. Ng1 Nxf4 31. Nxh3 Nxh3 32. Rg2 Qh4 33. e6 fxe6 34. Bxg7 Kxg7 35. dxe6 Ng5 36. e7 Qd4 37. Qc2 c6 38. Qxa4 Rb7 39. Qxc6 Rexe7 40. Rge2 Rf7 41. Bg2 Rxb2 42. Rxb2 Qxb2 43. Qxd6 Qc3 44. Qe5+ Qxe5 45. Rxe5 Ra7 46. Re2 Kf6 47. Bd5 Ra3 48. Kg2 Nh3 49. Re4 Kf5 50. Re8 Nf4+ 51. Kf1 Rxa2 52. Rc8 Ke5 53. Rxc5 Ra1+ 0-1

[Event "Barcelona Tupinamba op 10th"]
[Site "Barcelona"]
[Date "2015.05.13"]
[Round "8"]
[White "Bujosa Ribas, Joan"]
[Black "Hernando Rodrigo, Julio Antonio"]
[Result "1-0"]
[WhiteElo "2088"]
[BlackElo "2400"]
[PlyCount "99"]
[EventDate "2015.03.18"]
[EventType "swiss"]
[EventRounds "9"]
[EventCountry "ESP"]
[SourceTitle "EXT 2018"]
[Source "ChessBase"]
[SourceDate "2017.10.13"]
[SourceVersion "1"]
[SourceVersionDate "2017.10.13"]
[SourceQuality "1"]

1. e4 e6 2. d3 c5 3. Nf3 Nc6 4. g3 g6 5. Bg2 Bg7 6. 0-0 Nge7 7. c3 0-0 8. d4 cxd4 9. cxd4 Qb6 10. d5 exd5 11. exd5 Na5 12. Nc3 d6 13. Re1 Nf5 14. Qa4 Qd8 15. Bg5 f6 16. Bd2 b6 17. g4 Nh6 18. Nd4 Bd7 19. Nc6 Nxg4 20. Nb5 Bxc6 21. dxc6 f5 22. Bf4 Qh4 23. Bg3 Qh6 24. Bxd6 a6 25. Nc3 Qd2 26. Qf4 Qxf4 27. Bxf4 Bd4 28. Bd5+ Kh8 29. Re2 g5 30. Bxg5 Rac8 31. Rd1 Bc5 32. h3 Nf6 33. Bg2 Nxc6 34. Re6 Ne4 35. Nxe4 fxe4 36. Bf6+ Kg8 37. Bxe4 Kf7 38. Bd5 Nb4 39. Bb3 Rfe8 40. Rd7+ Kg6 41. Rxe8 Rxe8 42. Bf7+ Kxf6 43. Bxe8 Nxa2 44. Rxh7 Nc1 45. Ra7 Nd3 46. Rxa6 Nxb2 47. Kg2 Nd3 48. f3 Kg5 49. Bd7 Nf4+ 50. Kg3 1-0

[Event "ESP-ch U18"]
[Site "Granada"]
[Date "2009.07.25"]
[Round "8"]
[White "Bujosa Ribas, Joan"]
[Black "Moreno Martin, Daniel"]
[Result "1/2-1/2"]
[WhiteElo "2045"]
[BlackElo "2231"]
[PlyCount "90"]
[EventDate "2009.07.20"]
[EventType "swiss"]
[EventRounds "9"]
[EventCountry "ESP"]
[SourceTitle "CBM 131 Extra"]
[Source "ChessBase"]
[SourceDate "2009.09.03"]
[SourceVersion "2"]
[SourceVersionDate "2009.09.16"]
[SourceQuality "1"]

1. e4 e6 2. d4 d5 3. exd5 exd5 4. Bd3 Nc6 5. Nf3 Bg4 6. c3 Bd6 7. 0-0 Nge7 8. Nbd2 Qd7 9. a4 0-0 10. Qc2 Bf5 11. Re1 Rfe8 12. Nf1 Bxd3 13. Qxd3 Ng6 14. Bd2 Nce7 15. Ng3 b6 16. b3 c6 17. Ra2 Qc7 18. Rc2 Rad8 19. Be3 c5 20. c4 Nc6 21. Rcc1 dxc4 22. Qxc4 cxd4 23. Nxd4 Nxd4 24. Qxc7 Bxc7 25. Rxc7 Nxb3 26. Rxa7 Nc5 27. Rb1 Ra8 28. Rxa8 Rxa8 29. Rxb6 Nxa4 30. Rb1 Nc3 31. Rc1 Nd5 32. Bd2 h6 33. h3 Ra2 34. Rd1 Nde7 35. Be3 f5 36. Bc5 Kf7 37. Bxe7 Nxe7 38. Re1 g6 39. Ne2 Kf6 40. g3 Nc6 41. Kg2 g5 42. Nc3 Ra5 43. Rd1 Rc5 44. Ne2 Ne5 45. Rd6+ Kg7 1/2-1/2

[Event "ESP-chT Autonomicas 4th"]
[Site "Villava"]
[Date "2009.05.01"]
[Round "2"]
[White "Arnedo Ruiz, Alberto"]
[Black "Bujosa Ribas, Joan"]
[Result "0-1"]
[WhiteElo "1906"]
[BlackElo "2019"]
[PlyCount "110"]
[EventDate "2009.04.30"]
[EventType "team-tourn"]
[EventRounds "6"]
[EventCountry "ESP"]
[SourceTitle "CBM 130 Extra"]
[Source "ChessBase"]
[SourceDate "2009.07.02"]
[SourceVersion "2"]
[SourceVersionDate "2009.07.15"]
[SourceQuality "1"]

1. e4 e6 2. d4 d5 3. Nd2 dxe4 4. Nxe4 Nd7 5. Nf3 Ngf6 6. Bd3 Be7 7. 0-0 Nxe4 8. Bxe4 Nf6 9. Qe2 Nxe4 10. Qxe4 0-0 11. Bf4 c6 12. Rfe1 Qd5 13. Qd3 Rd8 14. Re5 Qd7 15. Rh5 g6 16. Rh3 Bf6 17. c3 Qd5 18. Ne5 c5 19. Nxf7 Kxf7 20. Rxh7+ Bg7 21. Bh6 Rg8 22. Qe3 Qf5 23. Qg3 e5 24. Qxe5 Qxe5 25. dxe5 Bf5 26. Rd1 g5 27. Rxg7+ Rxg7 28. Bxg7 Kxg7 29. Rd5 b6 30. e6 Kf6 31. e7 Re8 32. f3 Rxe7 33. Rd2 Re1+ 34. Kf2 Rc1 35. Ke3 Rc2 36. Rxc2 Bxc2 37. f4 g4 38. b4 Kf5 39. g3 a5 40. a3 Bb1 41. Kf2 Ke6 42. h3 gxh3 43. g4 Kd5 44. Kg3 Ke4 45. f5 h2 46. Kxh2 Kf4 47. Kh3 Bxf5 48. gxf5 Kxf5 49. Kg3 Ke4 50. bxc5 bxc5 51. Kf2 Kd3 52. a4 Kxc3 53. Ke3 Kb3 54. Kd3 c4+ 55. Kd4 c3 0-1

[Event "ESP-chT U16"]
[Site "Aviles"]
[Date "2008.06.27"]
[Round "4.1"]
[White "Bujosa Ribas, Joan"]
[Black "De la Cruz Revilla, Miguel"]
[Result "1-0"]
[WhiteElo "1954"]
[BlackElo "1915"]
[PlyCount "109"]
[EventDate "2008.06.25"]
[EventType "team-swiss"]
[EventRounds "6"]
[EventCountry "ESP"]
[SourceTitle "EXT 2010"]
[Source "ChessBase"]
[SourceDate "2010.11.25"]
[SourceVersion "1"]
[SourceVersionDate "2010.11.25"]
[SourceQuality "1"]

1. e4 d6 2. d4 g6 3. Nc3 Bg7 4. Nf3 Nf6 5. Be2 0-0 6. 0-0 e5 7. Re1 exd4 8. Nxd4 Re8 9. Bf1 Nc6 10. Nxc6 bxc6 11. Bg5 h6 12. Bh4 Rb8 13. Rb1 Qd7 14. f3 Qe6 15. Bf2 a5 16. Bd4 c5 17. Bf2 Bd7 18. Qd2 Bc6 19. e5 dxe5 20. Bxc5 Nh5 21. b3 Nf4 22. Bc4 Qf5 23. Qf2 Kh7 24. Rbd1 Qg5 25. Qg3 Qf5 26. Ne4 Rbd8 27. Rxd8 Rxd8 28. Qf2 Rd7 29. Kh1 Qh5 30. g4 Qh3 31. Bf1 Rd2 32. Nxd2 Qxg4 33. Ne4 Qd7 34. Be3 f5 35. Nc5 Qd5 36. Bxf4 exf4 37. Ne6 Bc3 38. Re2 Qxf3+ 39. Bg2 Qxf2 40. Rxf2 Bxg2+ 41. Kxg2 g5 42. h3 Kg6 43. Nxf4+ gxf4 44. Rxf4 Bb4 45. Rc4 Bd6 46. c3 f4 47. b4 a4 48. b5 a3 49. b6 c5 50. b7 Kf5 51. Rxc5+ Ke4 52. Rc8 Ke3 53. b8Q Bxb8 54. Rxb8 f3+ 55. Kf1 1-0

[Event "ESP-chT U16"]
[Site "Aviles"]
[Date "2008.06.25"]
[Round "1.1"]
[White "Marcos Pinto, Luis"]
[Black "Bujosa Ribas, Joan"]
[Result "1-0"]
[WhiteElo "2085"]
[BlackElo "1954"]
[PlyCount "21"]
[EventDate "2008.06.25"]
[EventType "team-swiss"]
[EventRounds "6"]
[EventCountry "ESP"]
[SourceTitle "EXT 2010"]
[Source "ChessBase"]
[SourceDate "2010.11.25"]
[SourceVersion "1"]
[SourceVersionDate "2010.11.25"]
[SourceQuality "1"]

1. e4 e5 2. Nf3 Nf6 3. Bc4 Nxe4 4. Nc3 Nxc3 5. dxc3 f6 6. 0-0 Bc5 7. Nxe5 d5 8. Qh5+ Ke7 9. Qf7+ Kd6 10. Qxd5+ Ke7 11. Qf7+ 1-0

[Event "ESP-chT3 Autonomicas"]
[Site "Melilla"]
[Date "2008.05.02"]
[Round "4"]
[White "Bujosa Ribas, Joan"]
[Black "Alvarez Fernandez, Enrique"]
[Result "0-1"]
[WhiteElo "1984"]
[BlackElo "2334"]
[PlyCount "104"]
[EventDate "2008.04.30"]
[EventType "team"]
[EventRounds "6"]
[EventCountry "ESP"]
[SourceTitle "CBM 124 Extra"]
[Source "ChessBase"]
[SourceDate "2008.07.03"]
[SourceVersion "1"]
[SourceVersionDate "2008.07.03"]
[SourceQuality "1"]

1. e4 c5 2. Nc3 Nc6 3. g3 g6 4. Bg2 Bg7 5. d3 d6 6. f4 e5 7. Nf3 Nge7 8. 0-0 Nd4 9. Nd5 Nxd5 10. exd5 0-0 11. c3 Nxf3+ 12. Qxf3 f5 13. a4 Qc7 14. Be3 Bd7 15. Qf2 Rac8 16. Qc2 b6 17. Qb3 Kh8 18. Rfe1 Rb8 19. c4 a6 20. Ra2 b5 21. axb5 axb5 22. Qc2 bxc4 23. dxc4 e4 24. Bd2 Bd4+ 25. Be3 Rb7 26. Qf2 Bg7 27. Rea1 Rfb8 28. Rb1 Rb3 29. Kh1 h6 30. Bf1 R8b7 31. Be2 Kh7 32. Bd1 R3b4 33. Qe2 Bd4 34. Bg1 Ra7 35. b3 Rxa2 36. Qxa2 Bg7 37. Be3 Rb7 38. Bd2 Ra7 39. Qc2 Bc8 40. b4 cxb4 41. Bxb4 Rb7 42. Be2 Qb8 43. Qa4 Bd7 44. Qa3 Bd4 45. Rd1 Rxb4 46. Rxd4 Rb2 47. Qe3 Qb6 48. Bf1 Ba4 49. Qc3 Rc2 50. Qa1 Qb3 51. Bg2 Rb2 52. Rd1 Qxd1+ 0-1